000 00521nam a2200205Ia 4500
005 20260429112134.0
008 260429s9999||||xx |||||||||||||| ||und||
020 _a9781032973203
041 _aEnglish
082 _a808.23
_bMAR
100 _aMarx, Christy
245 0 _aWriting for animation, comics, and games /
_cChristy Marx
250 _a2nd ed.
260 _aBoca Raton :
_bCRC Press,
_c2025.
300 _axxi, 289 p.; pbk
650 _a Comics
650 _a Games
650 _aAnimation
942 _cTB
999 _c52549
_d52549